The Sea-Level Rise on the South Baltic Coast Over the Past 800 Years - New Results and New Questions
| Titel: | The Sea-Level Rise on the South Baltic Coast Over the Past 800 Years - New Results and New Questions |
|---|---|
| Verfasser: | |
| Beteiligt: | |
| In: |
Schutz des Kulturerbes unter Wasser, (2000), Seite 393-398 alle Artikel anzeigen |
| Veröffentlicht: | 2000 |
| Format: | Aufsatz |
| Sprache: | Englisch |
X
alg: 39215258 001A $01999:11-11-16 001B $01999:12-03-21 $t19:06:11.000 001D $01999:11-11-16 001U $0utf8 001X $00 002@ $0Aox 003@ $0392152584 007A $0392152584 $aHEB 007T $0Herd35919 010@ $aeng 011@ $a2000 021A $aThe @Sea-Level Rise on the South Baltic Coast Over the Past 800 Years - New Results and New Questions 028A $aJanke $dWolfgang 028B/01 $aLampe $dReinhard 031A $h393-398 $j2000 037A $adt. Res. 396 039B $aIn $8--Aau--. Schutz des Kulturerbes unter Wasser. - Lübstorf : Archäologisches Landesmuseum Mecklenburg-Vorpommern, 2000. - 623 S.. - zahlr. Ill., graph. Darst., Kt. $x200000000000000607 $9098534580 045F $a911.4382 $eDDC23BSB 045F/01 $a911 045F/03 $g4382 045F/03 $g43832 045F/03 $g43816 lok: 39215258 78 exp: 39215258 78 1 #EPN 201B/01 $019-04-17 $t11:03:12.000 201U/01 $0utf8 203@/01 $0788248685 208@/01 $a11-11-16 $be 209A/01 $a/ $f000 $x00 220C/01 $aTitelaufnehmer: cs 244Z/01 $2Trx $#Prusy Wschodnie i Zachodnie $8--Trx--Ost- und Westpreußen $x01 $939113373X 244Z/01 $2Trx $#Pomeranija $#Pommern $#Pomoransko $#Pomořansko $#Hinterpommern;Vorpommern;Mittelpommern $#Pomorze Środkowe;Pomorze Przednie $#Pomořansko;Západní Pomořany; Pomořany $8--Trx--Pomorze Zachodnie $x02 $9391303775 244Z/01 $2Trx $#Baltijos regionas $#Strefa bałtycka $#Region Bałtyku $8--Trx--Ostseeraum $x03 $9391309870 244Z/01 $aGeschichte 6000-2000 $x04 244Z/01 $2Trx $#mereteadus $#okeanografija $#maritime science $#óceánográfia $#oceanografia $#náuka o mori $#oceanográfie $#Ozeanographie $#Ozeanologie $#oceanografia $#oceanológia $8--Trx--Meereskunde $x05 $9391362909 244Z/01 $2Trx $8--Trx--Einzelbeiträge $x06 $9391384570 245Z/01 $a02 $x01 247C/01 $82080>Marburg/Lahn, Herder-Institut, Forschungsbibliothek, Bibliographieportal $9336309341
| LEADER | 00000caa a22000002c 4500 | ||
|---|---|---|---|
| 001 | 392152584 | ||
| 003 | DE-603 | ||
| 005 | 20210312190611.0 | ||
| 007 | tu | ||
| 008 | 161111s2000 xx |||| | u00||u|eng c | ||
| 035 | |a (DE-599)HEB392152584 | ||
| 040 | |a DE-603 |b ger |c DE-603 |d DE-603 | ||
| 041 | |a eng | ||
| 082 | 0 | 4 | |8 1\u |a 911.4382 |q DE-101 |2 23/BSB |
| 085 | |8 1\u |b 911 | ||
| 085 | |8 1\u |z 2 |s 4382 | ||
| 085 | |8 1\u |z 2 |s 43832 | ||
| 085 | |8 1\u |z 2 |s 43816 | ||
| 100 | 1 | |a Janke, Wolfgang | |
| 245 | 0 | 0 | |a The Sea-Level Rise on the South Baltic Coast Over the Past 800 Years - New Results and New Questions |
| 264 | 0 | |c 2000 | |
| 500 | |a dt. Res. 396 | ||
| 700 | 1 | |a Lampe, Reinhard | |
| 773 | 0 | 8 | |i In |t Schutz des Kulturerbes unter Wasser |d Lübstorf : Archäologisches Landesmuseum Mecklenburg-Vorpommern, 2000 |h 623 S., zahlr. Ill., graph. Darst., Kt. |g (2000), Seite 393-398 |w (DE-603)098534580 |
| 924 | 0 | |9 2080 |a (DE-603)788248685 |b DE-2080 |c HES |d d |g / | |


